Tandon's the Code of civil procedure

محفوظ في:
التفاصيل البيبلوغرافية
المؤلف الرئيسي: Tandon Justice Rajesh
التنسيق: كتاب
منشور في: Faridabad: Allahabad Law Agency,
الطبعة:26th ed.
الموضوعات:
الوسوم: إضافة وسم
لا توجد وسوم, كن أول من يضع وسما على هذه التسجيلة!

MARC

LEADER 00000cam a2200000u 4500
005 20260415065226.0
020 |a N/A  |c TZS 7,715.50/= 
040 |a MCCL  |b eng.  |e AACR 2nd rev. ed. 
082 |a 347.96402630 TAN 
100 |a Tandon Justice Rajesh 
245 0 4 |a Tandon's the Code of civil procedure  |c /Justice Rajesh Tandon 
250 |a 26th ed. 
260 |a  Faridabad:  |b Allahabad Law Agency, 
300 |a xliv,634 P.:  |c 24 cm. 
546 |a eng. 
650 |a Civil procedure 
942 |c BK 
999 |c 12626  |d 12626